000 00627nam a2200277Ia 4500
005 20260324142344.0
008 008 260324s9999 xx 000 0 eng d
020 _a9781315846095
037 _aEBOOK
040 _aCRL
040 _beng
040 _cCRL
041 _2eng
041 _aeng
084 _qCRL
100 _aEdward L. Dreyer
_91211640
245 0 _aChina at War 1901-1949
260 _bTaylor and Francis
260 _c1995
365 _a
365 _b255
856 _uhttp://www.taylorfrancis.com/books/9781315846095
942 _cEBOOK
999 _c1815723
_d1815723